000 00359 a2200157 4500
001 171897
020 _a85-10-00410-2
040 _cMagnum
100 _aCastro, Maria da Glória
240 1 0 _aQuem roubou minha infância?
_lpor
245 1 0 _aQuem roubou minha infância?
300 _a39
362 0 _a1985
697 _aLITERATURA JUVENIL
942 _cBK
999 _c171897
_d171897